The Sounds of Nightmares Trivia - Statistics

General Stats
  • This quiz has been taken 63 times
  • The average score is 10 of 18
Answer Stats
Hint Answer % Correct
Who is the young girl who suffers from vivid nightmares? Noone
94%
Who is the psychiatrist working at the Counties Psychiatric Institute? The Counsellor
89%
What reoccurring monster appears in the girl's nightmares? The Candleman
71%
The girl passes through the Threshold to enter where? The Nowhere
69%
An X-ray reveals that the girl has what inside of her? A Brain Tumor
66%
What does the girl find in a wooden chest full of clothes? A Yellow Raincoat
63%
Who is the psychiatrist's long-lost sister? Sisi
63%
What color is the ringleader's suit? Purple
57%
The girl's third nightmare takes place inside of where? The Shopping Mall
57%
Who is the young boy who likes to tell jokes, but always forgets the punchline? Jester
54%
The girl's second nightmare takes place inside of where? The Bathhouse
51%
The girl's fourth nightmare takes place inside of where? The Carnival
51%
The girl's first nightmare takes place inside of what? The Stone Giant
49%
What disease had the girl suffered from? The Water Sickness
49%
Who is the child the girl befriends while at the carnival? Rusty
40%
What little creature does the girl find in the sewer? A Nome
37%
The girl's fifth nightmare takes place inside of where? The Sewer
37%
Who is the keeper of the Stone Giant? The Tall Woman
37%
No matching quizzes found
Score Distribution
Percent of People with Each Score
Percentile by Number Answered
Your Score History
You have not taken this quiz